Expression of cyclin A in intestinal biopsies from children with celiac disease

Bibliographic Details
Main Authors: Grzanka, A. (Author), Szaflarska, A.-POPLAWSKA (Author), Zuryn, A. (Author), Grzanka, D. (Author)
Format: Article
Language:English

MARC

LEADER 00000nab a2200000ua 4500
001 vtls010828806
003 SK-MaSNL
005 20260303140836.0
008 230222s2008 xo |||||||||||||||||eng|
035 |a (urnnbn)urn:nbn:sk:snk:ar-a06ezj 
035 |a urn:nbn:sk:snk-ab5ub5 
035 |a (uuid)017ba1b4-31bd-46a9-8a91-ac897269d164 
040 |a SNKBUCL  |b slo  |c SNKBUCL  |e AACR2 
041 0 |a eng 
044 |a xo  |c SK 
100 1 |a Grzanka, A.  |4 aut  |9 1159728 
245 1 0 |a Expression of cyclin A in intestinal biopsies from children with celiac disease  |c A. Grzanka, A. Szaflarska-Poplawska, A. Zuryn, D. Grzanka 
700 1 |a Szaflarska, A.-POPLAWSKA  |4 aut  |9 1159729 
700 1 |a Zuryn, A.  |4 aut  |9 1159730 
700 1 |a Grzanka, D.  |4 aut  |9 1159731 
773 0 |t Neoplasma : journal of experimental and clinical oncology  |g Roč. 55, č. 6 (2008), s. 507-512 
958 |a OND 
958 |a EUIPO 
958 |a article5 
999 |c 1973413  |d 1975343